[Event "CHN-chT (Women)"]
[Site "Nanjing"]
[Date "2023.02.20"]
[Round "7.2"]
[White "Zheng, Xiner"]
[Black "Guo, Weibao"]
[Result "1/2-1/2"]
[WhiteElo "1643"]
[BlackElo "1907"]
[PlyCount "71"]
[EventDate "2023.02.14"]
[EventType "team-swiss"]
[EventRounds "9"]
[EventCountry "CHN"]
[SourceTitle "CBM 212 Extra"]
[Source "ChessBase"]
[SourceDate "2023.03.31"]
[SourceVersion "1"]
[SourceVersionDate "2023.03.31"]
[SourceQuality "1"]
[WhiteTeam "Zhejiang (W)"]
[BlackTeam "Beijing (W)"]
[WhiteTeamCountry "CHN"]
[BlackTeamCountry "CHN"]

1. e4 e6 2. d4 d5 3. Nc3 Nf6 4. e5 Nfd7 5. f4 c5 6. Nf3 Nc6 7. Be3 a6 8. g3 b5 9. Bg2 Qb6 10. 0-0 a5 11. Kh1 g6 12. Ne2 Ba6 13. Re1 Rc8 14. dxc5 Bxc5 15. Ned4 Nxd4 16. Nxd4 Qc7 17. Rc1 Nb6 18. Qg4 Qe7 19. b3 Nd7 20. Bf1 Bxd4 21. Bxd4 0-0 22. a4 Rb8 23. Ra1 Rfc8 24. Qd1 Qd8 25. Qd2 Qc7 26. Bd3 Rb7 27. Rec1 Nb8 28. Qe2 Nc6 29. Bc5 Nxe5 30. fxe5 Qxc5 31. axb5 Bxb5 32. Rxa5 Rcb8 33. Rxb5 Rxb5 34. Bxb5 Rxb5 35. Qd3 Rb4 36. Re1 1/2-1/2

[Event "Tianjin Binhai Cup 2nd"]
[Site "Tianjin"]
[Date "2020.01.17"]
[Round "8"]
[White "Zhang, Yichi"]
[Black "Guo, Weibao"]
[Result "0-1"]
[WhiteElo "1638"]
[BlackElo "1905"]
[PlyCount "86"]
[EventDate "2020.01.13"]
[EventType "swiss"]
[EventRounds "9"]
[EventCountry "CHN"]
[SourceTitle "CBM 194 Extra"]
[Source "ChessBase"]
[SourceDate "2020.03.31"]
[SourceVersion "1"]
[SourceVersionDate "2020.03.31"]
[SourceQuality "1"]

1. e4 e6 2. d4 d5 3. exd5 exd5 4. Nf3 Bd6 5. Bd3 Ne7 6. 0-0 Nbc6 7. c3 Bg4 8. h3 Bh5 9. Bg5 f6 10. Bh4 Qd7 11. b4 0-0-0 12. a4 g5 13. Bg3 f5 14. Bxd6 Qxd6 15. a5 Rdg8 16. b5 g4 17. hxg4 Rxg4 18. Re1 Rhg8 19. bxc6 Rxg2+ 20. Kf1 Qf4 21. cxb7+ Kb8 22. Nbd2 Nc6 23. Re6 Nd8 24. Re5 Rg1+ 25. Ke2 Rxd1 26. Rxd1 Nxb7 27. Rxf5 Re8+ 28. Kf1 Qh6 29. Rb1 Bg4 30. Re5 Qh3+ 31. Ke2 Rxe5+ 32. dxe5 Ka8 33. a6 Nc5 34. Bb5 Bd7 35. Bxd7 Qxd7 36. Ng5 Qg4+ 37. Ndf3 Qc4+ 38. Kd2 Qd3+ 39. Kc1 Qxc3+ 40. Kd1 Qd3+ 41. Kc1 Qxa6 42. e6 Qf1+ 43. Kc2 Qxf2+ 0-1

[Event "Tianjin Binhai Cup 2nd"]
[Site "Tianjin"]
[Date "2020.01.16"]
[Round "6"]
[White "Guo, Weibao"]
[Black "Yang, Jingsen"]
[Result "1-0"]
[WhiteElo "1905"]
[BlackElo "1606"]
[PlyCount "107"]
[EventDate "2020.01.13"]
[EventType "swiss"]
[EventRounds "9"]
[EventCountry "CHN"]
[SourceTitle "CBM 194 Extra"]
[Source "ChessBase"]
[SourceDate "2020.03.31"]
[SourceVersion "1"]
[SourceVersionDate "2020.03.31"]
[SourceQuality "1"]

1. Nf3 d5 2. e3 e6 3. c4 Nf6 4. b3 Be7 5. Bb2 a6 6. Nc3 dxc4 7. bxc4 b6 8. Be2 Bb7 9. 0-0 0-0 10. Qc2 Nbd7 11. Rad1 Rc8 12. d3 Bd6 13. e4 c5 14. Nb1 Qc7 15. Qc3 e5 16. Qc1 Rfe8 17. Nh4 Nf8 18. Nf5 Ne6 19. g3 Rcd8 20. Nd2 Bf8 21. Nf3 Nd4 22. N3xd4 exd4 23. Qg5 Bc8 24. Bc1 Bxf5 25. Qxf5 Qd7 26. Qxd7 Nxd7 27. a4 Bd6 28. f4 Rb8 29. e5 Bc7 30. Bf3 Re7 31. Bd2 Kf8 32. Bd5 Ree8 33. Rb1 Ke7 34. Rfe1 Kf8 35. Kg2 a5 36. Re2 Re7 37. Rbe1 Rbe8 38. Bc6 Rd8 39. Kf3 Nb8 40. Bb5 h6 41. f5 Nd7 42. Bf4 Bb8 43. Bxd7 Rdxd7 44. g4 Rb7 45. h4 Re8 46. g5 h5 47. e6 Bxf4 48. Kxf4 f6 49. gxf6 gxf6 50. Rg2 Rh7 51. Reg1 Rh8 52. Rg7 Re7 53. R7g6 Ke8 54. Rg8+ 1-0

[Event "Tianjin Binhai Cup 2nd"]
[Site "Tianjin"]
[Date "2020.01.13"]
[Round "1"]
[White "Sethuraman, SP."]
[Black "Guo, Weibao"]
[Result "1-0"]
[WhiteElo "2638"]
[BlackElo "1905"]
[PlyCount "105"]
[EventDate "2020.01.13"]
[EventType "swiss"]
[EventRounds "9"]
[EventCountry "CHN"]
[SourceTitle "CBM 194 Extra"]
[Source "ChessBase"]
[SourceDate "2020.03.31"]
[SourceVersion "1"]
[SourceVersionDate "2020.03.31"]
[SourceQuality "1"]

1. Nf3 d5 2. e3 Nf6 3. c4 e6 4. Nc3 Be7 5. b3 0-0 6. Bb2 b6 7. d4 Bb7 8. Bd3 Nbd7 9. Qc2 Bd6 10. cxd5 exd5 11. 0-0 a6 12. Rac1 Re8 13. Ne2 Ne4 14. Ng3 Rc8 15. Rfd1 f6 16. Nd2 Qe7 17. Nf5 Qe6 18. Nxe4 dxe4 19. Bc4 Bd5 20. Nxd6 Qxd6 21. Bxa6 Ra8 22. Bc4 Rxa2 23. b4 Ra7 24. Qb3 Bxc4 25. Qxc4+ Kh8 26. d5 f5 27. Qd4 Ne5 28. Rc6 Qd7 29. Re6 Rxe6 30. dxe6 Qxd4 31. Rxd4 Ra8 32. Rd5 Nc4 33. h4 Re8 34. Bd4 Kg8 35. Rd7 c5 36. bxc5 bxc5 37. Rxg7+ Kf8 38. Rf7+ Kg8 39. Bxc5 Rxe6 40. Rxf5 Ne5 41. Bd4 Nf7 42. Kh2 h6 43. h5 Nd6 44. Rf6 Rxf6 45. Bxf6 Kf7 46. Be5 Ne8 47. g4 Ke6 48. Bf4 Nf6 49. Kg3 Ng8 50. g5 hxg5 51. Bxg5 Kf5 52. Kh4 Ke6 53. h6 1-0